The quantity surveyor's role in innovation generation, adoption and diffusion in the Australian construction industry (Record no. 107022)
[ view plain ]
| 000 -LEADER | |
|---|---|
| fixed length control field | 01396cam a22002415a 4500 |
| 001 - CONTROL NUMBER | |
| control field | L138141 |
| 008 - FIXED-LENGTH DATA ELEMENTS--GENERAL INFORMATION | |
| fixed length control field | 070518e2005 xxk f 100 0 eng d |
| 035 ## - SYSTEM CONTROL NUMBER | |
| System control number | (Sirsi) u138141 |
| 041 0# - LANGUAGE CODE | |
| Language code of text/sound track or separate title | eng |
| 100 1# - MAIN ENTRY--PERSONAL NAME | |
| Personal name | Hardie, M. |
| 245 04 - TITLE STATEMENT | |
| Title | The quantity surveyor's role in innovation generation, adoption and diffusion in the Australian construction industry |
| Medium | [electronic resource] |
| 260 ## - PUBLICATION, DISTRIBUTION, ETC. | |
| Date of publication, distribution, etc. | 2005 |
| 490 #0 - SERIES STATEMENT | |
| Series statement | COBRA |
| Volume/sequential designation | 2005 |
| 520 ## - SUMMARY, ETC. | |
| Summary, etc. | Reports the results of a survey on technological and organisational innovations in the Australian construction industry. Uses the survey information to test the perception that there is a dichotomy between the self perceptions of quantity surveyors and the way that other stakeholders in the industry view the profession. A comparison is made of the survey responses given by quantity surveyors with those of the construction industry generally, as well as with an identified group of high innovators in the industry. |
| 651 #4 - SUBJECT ADDED ENTRY--GEOGRAPHIC NAME | |
| Geographic name | AUSTRALIA |
| 690 ## - LOCAL SUBJECT ADDED ENTRY--TOPICAL TERM (OCLC, RLIN) | |
| Topical term or geographic name as entry element | BUILT ENVIRONMENT-QUANTITY SURVEYING-QUANTITY SURVEYORS |
| 700 1# - ADDED ENTRY--PERSONAL NAME | |
| Personal name | Miller, G. |
| 700 1# - ADDED ENTRY--PERSONAL NAME | |
| Personal name | Manley, K. |
| 700 1# - ADDED ENTRY--PERSONAL NAME | |
| Personal name | McFallan, S. |
| 711 2# - ADDED ENTRY--MEETING NAME | |
| Meeting name or jurisdiction name as entry element | Construction and Building Research Conference |
| Location of meeting | University of Queensland, Brisbane |
| Date of meeting or treaty signing | 4-5 July 2005 |
| 856 40 - ELECTRONIC LOCATION AND ACCESS | |
| Uniform Resource Identifier | <a href="https://www.rics.org/site/scripts/download_info.aspx?downloadID=2558">https://www.rics.org/site/scripts/download_info.aspx?downloadID=2558</a> |
| Public note | View the item free of charge at www.aaa.bb.cc... |
| 942 ## - ADDED ENTRY ELEMENTS (KOHA) | |
| Suppress in OPAC | 0 |
| Withdrawn status | Lost status | Source of classification or shelving scheme | Damaged status | Not for loan | Home library | Current library | Shelving location | Date acquired | Total Checkouts | Full call number | Barcode | Date last seen | Copy number | Price effective from | Koha item type |
|---|---|---|---|---|---|---|---|---|---|---|---|---|---|---|---|
| Dewey Decimal Classification | Virtual | Virtual | Online | 18/05/2007 | ONLINE PUBLICATION | 138141-2001 | 06/08/2019 | 1 | 06/08/2019 | Book |